Statystyki dla Rozpoznaj muzyka po zdjęciu

Kliknij tutaj aby rozwiązać quiz!

Ogólne statystyki

  • Ten quiz został rozwiązany 1 953 razy
  • Średni wynik to 15 z 24

Statystyki odpowiedzi

Odpowiedź% Poprawnych
Quebonafide
90%
Ed Sheeran
88%
Krzysztof Krawczyk
88%
Maryla Rodowicz
88%
Margaret
85%
Taco Hemingway
83%
Agnieszka Chylińska
81%
Billie Eilish
80%
Rihanna
79%
Pitbull
74%
Rafał Brzozowski
73%
Lady Gaga
67%
Miley Cyrus
63%
Beyonce
58%
Camila Cabello
58%
Paweł Domagała
57%
Shawn Mendes
57%
Daria Zawiałow
52%
Dua Lipa
47%
Travis Scott
47%
The Weeknd
45%
LP
31%
Chris Martin
18%
Maluma
16%

Rozkład punktacji

Percentyl według liczby udzielonych odpowiedzi

Procent ludzi z każdym wynikiem

Twoja historia wyników

Nie rozwiązałeś tego quizu